Argot : tři věty pro žesťové kvinteto /
Uložené v:
| Hlavný autor: | |
|---|---|
| Médium: | Hudobnina |
| Jazyk: | Czech |
| Vydané: |
Praha :
Supraphon,
1982.
|
| Vydanie: | 1. vydání |
| Fyzický popis: |
1 partitúra (49 strán) +5 príloh. |
| Tagy: |
Pridať tag
Žiadne tagy, Buďte prvý kto otaguje tento záznam!
|
Titul je dostupný aj v ... 

MARC
| LEADER | 00000ncm a22000001a 4500 | ||
|---|---|---|---|
| 001 | 000209727 | ||
| 005 | 20250205084708.0 | ||
| 008 | 090309s1982 xr e cze d | ||
| 020 | |c Kčs 48,00 |q (brožované) | ||
| 040 | |a SVKKK |b slo |c SVKKK |e rda | ||
| 041 | 0 | |a cze | |
| 044 | |a xr |c CZ | ||
| 100 | 1 | |a Kučera, Václav |d 1929- |4 cmp | |
| 245 | 1 | 0 | |a Argot : |b tři věty pro žesťové kvinteto / |c Václav Kučera. |
| 250 | |a 1. vydání | ||
| 264 | 1 | |a Praha : |b Supraphon, |c 1982. | |
| 300 | |a 1 partitúra (49 strán) +5 príloh. | ||
| 336 | |a text |b txt |2 rdacontent | ||
| 337 | |a bez média |b n |2 rdamedia | ||
| 338 | |a zväzok |b nc |2 rdacarrier | ||
| 500 | |a Záznam revízie | ||
| 910 | |a svkkk | ||
| 998 | |a BK | ||
| 090 | |g SCKHL |k Sklad Pribinova 3. posch. |a V.135495 |j 680706 |i 2720973011 |s Povinný výt. | ||